000 00791nam a2200277 a 4500
005 20200104041539.0
008 140310t2002 ck a gr|||| 00| 0 spa d
040 _aCO-BoIAVH
_cCO-BoIAVH
041 _aspa
044 _ack
082 0 4 _a658.802
_bG89e
110 2 _bColombia. Ministerio del Medio Ambiente
245 1 _aGuía de apoyo empresas verdes
260 _aBogotá
_bMinambiente
_c2002
300 _a113 p.
_bilustraciones. ;
_c28 x 21 cm
650 4 _aUso sostenible
650 4 _aComercio
650 4 _aExportaciones
650 4 _aMercadeo
650 4 _aEcoturismo
650 4 _aPlanes de negocios
650 4 _aMercados verdes
650 4 _aProductos verdes
662 _aColombia
942 _cLIBRO
_2ddc
999 _c3219
_d3219